书目信息 |
| 题名: |
全民健身导论
|
|
| 作者: | 李相如 , 苏明理 主编 | |
| 分册: | ||
| 出版信息: | 北京 高等教育出版社 2008.06 |
|
| 页数: | 319页 | |
| 开本: | 23cm | |
| 丛书名: | ||
| 单 册: | ||
| 中图分类: | G812.4 | |
| 科图分类: | ||
| 主题词: | 全民体育--quan min ti yu--体育活动--高等学校--教材 | |
| 电子资源: | ||
| ISBN: | 978-7-04-024002-3 | |
| 000 | 01015nam0 2200253 450 | |
| 001 | 012009388781 | |
| 005 | 20090918082706.54 | |
| 010 | @a978-7-04-024002-3@dCNY30.20 | |
| 100 | @a20090918d2008 em y0chiy0120 ea | |
| 101 | 0 | @achi |
| 102 | @aCN@b110000 | |
| 105 | @ay z 000yy | |
| 106 | @ar | |
| 200 | 1 | @a全民健身导论@Aquan min jian shen dao lun@f李相如, 苏明理主编@Fli xiang ru,su ming li zhu bian |
| 210 | @a北京@c高等教育出版社@d2008.06 | |
| 215 | @a319页@d23cm | |
| 300 | @a高等学校教材 | |
| 330 | @a本书包括:全民健身概述;全民健身活动的法律、法规;《全民健身计划纲要》解读;全民健身活动的组织;全民健身活动设施与资源开发;全民健身活动的分类与基本内容;中国社会体育指导员;市民健身;农民健身;学生健身;弱势群体健身;全民健身效果的评价;全民健身的国际比较。 | |
| 606 | 0 | @a全民体育@Aquan min ti yu@x体育活动@x高等学校@j教材 |
| 690 | @aG812.4@v4 | |
| 701 | 0 | @a李相如@Ali xiang ru@4主编 |
| 701 | 0 | @a苏明理@Asu ming li@4主编 |
| 801 | 0 | @aCN@bQSSK@c20090918 |
| 905 | @b754623-25@dG812.4@eL295@f3 | |
| 全民健身导论/李相如, 苏明理主编.-北京:高等教育出版社,2008.06 |
| 319页;23cm |
| 高等学校教材 |
| ISBN 978-7-04-024002-3:CNY30.20 |
| 本书包括:全民健身概述;全民健身活动的法律、法规;《全民健身计划纲要》解读;全民健身活动的组织;全民健身活动设施与资源开发;全民健身活动的分类与基本内容;中国社会体育指导员;市民健身;农民健身;学生健身;弱势群体健身;全民健身效果的评价;全民健身的国际比较。 |
| ● |
| 相关链接 |
|
|
|
正题名:全民健身导论
索取号:G812.4/L295
 
预约/预借
| 序号 | 登录号 | 条形码 | 馆藏地/架位号 | 状态 | 备注 |
| 1 | 754623 | 207546235 | 社科库409/409社科库 21排3列1层/ [索取号:G812.4/L295] | 在馆 | |
| 2 | 754624 | 207546244 | 社科库409/409社科库 21排3列1层/ [索取号:G812.4/L295] | 在馆 | |
| 3 | 754625 | 207546253 | 社科库409/409社科库 21排3列1层/ [索取号:G812.4/L295] | 在馆 |